Statistics for Countries Above 1,000,000 km²

Click here to take the quiz!

General Stats

  • This quiz has been taken 13 times
    (9 since last reset)
  • The average score is 40 of 157

Answer Stats

ExistenceSize in km²Country% Correct
1816-Present2,780,400Argentine Republic
100%
1982-Present9,984,670Canada
100%
1901-Present7,686,848Commonwealth of Australia
100%
1889-Present8,514,877Federative Republic of Brazil
100%
1911-Present1,564,116Mongolia
100%
1949-Present9,706,961People's Republic of China
100%
1947-Present3,166,414Republic of India
100%
1991-Present17,125,200Russian Federation
100%
1836-Present1,958,201United Mexican States
100%
1707-192235,500,000British Empire
83%
1932-Present2,149,690Kingdom of Saudi Arabia
83%
1299–19225,200,000Ottoman Empire
83%
1975-Present1,246,700Republic of Angola
83%
1949-Present1,904,569Republic of Indonesia
83%
1879-Present1,285,216Republic of Peru
83%
2019-Present1,886,068Republic of the Sudan
83%
1492–197613,700,000Spanish Empire
83%
1985-20192,505,813The Republic of the Sudan
83%
1922-199122,402,200Union of Soviet Socialist Republics
83%
1776-Present9,522,055United States of America
83%
1997-Present2,344,858Democratic Republic of the Congo
67%
1979-Present1,648,195Islamic Republic of Iran
67%
1960-Present1,025,520Islamic Republic of Mauritania
67%
550–5771,500,000Northern Qi
67%
1847-Present1,098,581Plurinational State of Bolivia
67%
351–3942,000,000Qin
67%
221 BC-206 BC2,300,000Qin Dynasty
67%
1960-Present1,284,000Republic of Chad
67%
1819-Present1,138,914Republic of Colombia
67%
1991-Present2,724,900Republic of Kazakhstan
67%
1960-Present1,240,192Republic of Mali
67%
1961-Present1,221,148Republic of South Africa
67%
550 BC-330 BC5,500,000Achaemenid Empire
50%
1944-Present1,104,300Federal Democratic Republic of Ethiopia
50%
1636-191214,700,000Great Qing
50%
1206-129424,000,000Mongol Empire
50%
1960-Present1,267,000Republic of the Niger
50%
27 BC-3955,000,000Roman Empire
50%
1945-Present1,759,540State of Libya
50%
750–1258
1261–1517.
11,100,000Abbasid Caliphate
33%
1804-18142,100,000First French Empire
33%
1438–15332,000,000Inca Empire
33%
1882–19473,825,000Italian Colonial Empire
33%
1868-19458,510,000Japanese Empire
33%
1945-Present2,220,093Kingdom of Denmark
33%
1674-18182,500,000Maratha Confederacy
33%
322 BC-184 BC5,000,000Maurya Empire
33%
1962-Present2,381,741People's Democratic Republic of Algeria
33%
1721–191722,800,000Russian Empire
33%
1792-198011,500,000Second French Colonial Empire
33%
1121–12692,300,000Almohad Caliphate
17%
1050–11471,000,000Almoravid Dynasty
17%
1171–12602,000,000Ayyubid Sultanate of Egypt
17%
1858–19474,903,312British Raj
17%
330–14532,800,000Byzantine Empire
17%
220–2662,000,000Cao Wei
17%
1536–19533,000,000Danish Empire
17%
1822–18898,337,218Empire of Brazil
17%
1270–19741,221,900Ethiopian Empire
17%
1534-17923,400,000First French Colonial Empire
17%
1415–16634,000,000First Portuguese Empire
17%
552–6036,000,000First Turkic Khaganate
17%
481-8401,200,000Frankish Kingdom
17%
1664-17691,040,549French East India Company
17%
1884-19183,199,015German Colonial Empire
17%
786–12152,000,000Ghurid Dynasty
17%
1282-15472,500,000Grand Duchy of Muscovy
17%
1819-19312,519,954Greater Colombia
17%
1368–16446,500,000Great Ming
17%
1038–12271,000,000Great Xia
17%
800-18061,000,000Holy Roman Empire
17%
200 BC-101,100,000Indo-Greek Kingdom
17%
1397–15231,322,358Kalmar Union
17%
880-12402,100,000Kievan Rus
17%
1569–17951,153,465Kingdom of Poland and
the Grand Duchy of Lithuania
17%
420–4792,000,000Liu Song Dynasty
17%
~700 BC-168 BC5,200,000Macedon
17%
1235–16721,100,000Mali Empire
17%
1250-15172,100,000Mamluk Sulatanate
17%
1526-18574,000,000Mughal Empire
17%
1836-18393,054,612Peru-Bolivian Confederation
17%
960–12793,100,000Song Dynasty
17%
1789–19251,290,000Sublime State of Iran
17%
618–690
705–907
10,760,000Tang Dynasty
17%
1822-19992,100,000Third Portuguese Empire
17%
1607-17761,876,972Thirteen Colonies
17%
661–75011,100,000Umayyad Caliphate
17%
222–2801,500,000Wu
17%
209 BC-~100BC9,000,000Xiongnu Empire
17%
1908–19622,470,000Belgian Empire
0%
934–10621,600,000Buyid Dynasty
0%
800-8431,200,000Carolingian Empire
0%
1266-13473,500,000Chagatai Khanate
0%
1861-18651,995,392Confederate States of America
0%
1206–15263,200,000Delhi Sultanate
0%
1634–17583,600,000Dzungar Khanate
0%
25-1896,500,000Eastern Han Dynasty
0%
317-4202,800,000Eastern Jin Dynasty
0%
581-6304,000,000Eastern Turkic Khaganate
0%
909-11714,100,000Fatimid Caliphate
0%
1821-18234,874,683First Mexican Empire
0%
1823-18354,536,710First Mexican Republic
0%
977–11863,400,000Ghaznavid Empire
0%
1242-15026,000,000Golden Horde
0%
1115–12342,300,000Great Jin
0%
1124–12181,500,000Great Liao
0%
1037–11943,900,000Great Seljuk Empire
0%
1271–136811,000,000Great Yuan
0%
256 BC-120 BC2,500,000Greco-Bactrian Kingdom
0%
319-5503,500,000Gupta Empire
0%
730-10361,000,000Gurjara-Pratihara Dynasty
0%
304–3292,000,000Han-Zhao
0%
440–5604,000,000Hepthalites
0%
370–4694,000,000Hunnic Empire
0%
1256–13353,750,000Ilkhanate
0%
150 BC–4002,800,000Indo-Scythian Kingdom
0%
650–9693,000,000Khazar Khaganate
0%
802–14311,000,000Khmer Empire
0%
1642–17171,400,000Khoshut Khanate
0%
1077–12313,600,000Khwarazmian Empire
0%
150 BC-9601,250,000Kingdom of Aksum
0%
30–3752,500,000Kushan Empire
0%
502–5571,300,000Liang Dynasty
0%
678 BC–549 BC2,800,000Medes
0%
911 BC-609 BC1,400,000Neo-Assyrian Empire
0%
1570 BC–1070 BC1,000,000New Kingdom of Egypt
0%
960–11273,100,000Northern Song Dynasty
0%
386–5352,000,000Northern Wei
0%
1368–16355,000,000Northern Yuan Dynasty
0%
557–5811,500,000Northern Zhou
0%
1399–16341,600,000Oirat Confederation
0%
247 BC–2242,800,000Parthian Empire
0%
305 BC–30 BC1,000,000Ptolemaic Kingdom
0%
500-6471,000,000Pushyabhuti Dynasty
0%
632–6616,400,000Rashidun Caliphate
0%
1831-18581,331,250Republic of New Granada
0%
1836–18461,007,935Republic of Texas
0%
330-5552,800,000Rouran Khaganate
0%
1501–17362,900,000Safavid Empire
0%
224–6513,500,000Sassanid Empire
0%
~900 BC-~300 BC1,000,000Scythia
0%
1663–18225,500,000Second Portuguese Empire
0%
312 BC–63 BC3,900,000Seleucid Empire
0%
1600 BC-1045 BC1,250,000Shang Dynasty
0%
221-2631,000,000Shu Han
0%
1127-12792,100,000Southern Song Dynasty
0%
671–10251,200,000Srivijaya
0%
581–6183,000,000Sui Dynasty
0%
821–8731,000,000Tahirid Dynasty
0%
618-8424,600,000Tibetan Empire
0%
1370-15074,400,000Timurid Empire
0%
744–8403,100,000Uyghur Khaganate
0%
202 BC-68 BC6,000,000Western Han Dynasty
0%
266-3163,100,000Western Jin Dynasty
0%
605-6373,500,000Western Turkic Khaganate
0%
93–2344,500,000Xianbei State
0%
9–234,700,000Xin Dynasty
0%

Score Distribution

Percentile by Number Answered

Percent of People with Each Score

Your Score History

You have not taken this quiz since the last reset